Retail management (Record no. 80197)

MARC details
000 -LEADER
fixed length control field 00843nam a2200181 a 4500
008 - FIXED-LENGTH DATA ELEMENTS--GENERAL INFORMATION
fixed length control field 120416s1997 ||||||||||||||||| || u
020 ## - INTERNATIONAL STANDARD BOOK NUMBER
International Standard Book Number 8171694624
050 ## - LIBRARY OF CONGRESS CALL NUMBER
Classification number HF 5429 Dub
100 ## - MAIN ENTRY--PERSONAL NAME
Personal name Dubey, V. K
245 10 - TITLE STATEMENT
Title Retail management
260 ## - PUBLICATION, DISTRIBUTION, ETC.
Place of publication, distribution, etc. New Delhi
Name of publisher, distributor, etc. Commonwealth Publishers
Date of publication, distribution, etc. 1997
350 ## -
-- 0.00
650 #0 - SUBJECT ADDED ENTRY--TOPICAL TERM
Topical term or geographic name entry element ECONOMICS
650 ## - SUBJECT ADDED ENTRY--TOPICAL TERM
Topical term or geographic name entry element RETAIL TRADE
995 ## -
-- MAIN LIBRARY OPEN ACCESS
-- 0.00
-- 733179
-- CBU-MAIN LIBRARY (Kitwe)
-- 1
-- 60.00
-- HF 5429 Dub
-- 1
-- AVAILABLE
-- 44668
-- Main Library Open Access Collection
995 ## -
-- ANNEX COLLECTION (Main Library)
-- 0.00
-- 733177
-- CBU-MAIN LIBRARY (Kitwe)
-- 2
-- 60.00
-- HF 5429 Dub
-- 2
-- AVAILABLE
-- 44670
-- Annex Low-Usage Collection
995 ## -
-- MAIN LIBRARY OPEN ACCESS
-- 0.00
-- 733178
-- CBU-MAIN LIBRARY (Kitwe)
-- 3
-- 60.00
-- HF 5429 Dub
-- 3
-- AVAILABLE
-- 44667
-- Main Library Open Access Collection
999 ## -
-- 80197
-- 80197
Holdings
Withdrawn status Lost status Source of classification or shelving scheme Damaged status Not for loan Permanent Location Current Location Shelving location Date acquired Total Checkouts Full call number Barcode Date last seen Copy number Price effective from Koha item type
          CBU-MAIN LIBRARY, KITWE. CBU-MAIN LIBRARY, KITWE.   06/29/2023   HF 5429 Dub 44668 06/29/2023 1 06/29/2023 MONOGRAPH
          CBU-MAIN LIBRARY, KITWE. CBU-MAIN LIBRARY, KITWE.   06/29/2023   HF 5429 Dub 44670 06/29/2023 2 06/29/2023 MONOGRAPH
          CBU-MAIN LIBRARY, KITWE. CBU-MAIN LIBRARY, KITWE.   06/29/2023   HF 5429 Dub 44667 06/29/2023 3 06/29/2023 MONOGRAPH